000 01046nam a22002897a 4500
001 BR8306617
003 BR-BrBNA
005 20230928091836.0
007 ta
008 230509b bl.||||| |||| 00| 0 por d
040 _aBR-BrBNA
_bpor
_cBiblioteca Nacional de Agricultura
041 _a(Por)
072 _aC20; E12
_b/G514
090 _ C20 BR8306617
110 1 _aAssociacao de Credito e Assistencia Rural de Santa Catarina, Florianopolis (Brasil);
110 1 _aEmpresa de Assistencia Tecnica e Extensao Rural do Estado de Santa Catarina, Florianopolis (Brasil)
_94031
245 1 _aProjeto de capacitacao da mao de obra rural em Santa Catarina [Brasil]
260 3 _aFlorianopolis, SC (Brasil):
_c1983.
300 _avp.
500 _a[ca. 39]p. (*) Documento disponível na(o) Associacao de Credito e Assistencia Rural de Santa Catarina, Florianopolis (Brazil)
650 _aEXTENSAO RURAL
650 _aEDUCACAO
650 _aMAO-DE-OBRA
650 _aSANTA CATARINA
909 _a202309
_bLucia
_c55
_dLucia Elande
942 _cBK
999 _c35832
_d35832